000 00262nam a22001217a 4500
008 180215b xxu||||| |||| 00| 0 eng d
041 _aeng
080 _a33
100 _a59
101 _a bus
245 _abusiness and academia
_cjohn.c.h
942 _2udc
_cBK
999 _c42674
_d42674